000 00482nam a2200181Ia 4500
005 20250508152104.0
008 008 250505s9999 xx 000 0 eng d
037 _aReference
040 _aFEDL
_beng
_cFEDL
041 _aeng
_2eng
084 _a901, TOY
_qFEDL
100 _aToynbee Arnold J
245 0 _aStudy of history
260 _aLondon, UK
_bOxford University Press
_c1957
300 _axii,414p.
942 _cREF
_h901, TOY
999 _c1334176
_d1334176